[Event "DEM U14 2025"]
[Site "Willingen GER"]
[Date "2025.06.08"]
[Round "2"]
[White "Nemitz, Alfred"]
[Black "Mandalka, Justus"]
[Result "1-0"]
[Termination "normal"]
[Board "1"]
[WhiteTitle "FM"]
[WhiteElo "2315"]
[BlackElo "2076"]
[WhiteClock "00:13:10"]
[BlackClock "00:15:09"]
[PlyCount "59"]
[WhiteFideId "34601791"]
[BlackFideId "16298144"]
[EventCountry "GER"]
[EventRounds "9"]
[EventType "swiss"]
[EventDate "2025.06.07"]

1. d4 {[%clk 01:30:59]} d5 {[%clk 01:30:55]} {[%emt 00:00:06]} 2. c4 {[%clk
01:31:25]} {[%emt 00:00:04]} e6 {[%clk 01:31:19]} {[%emt 00:00:06]} 3. Nf3
{[%clk 01:31:52]} {[%emt 00:00:03]} c5 {[%clk 01:31:44]} {[%emt 00:00:05]} 4.
cxd5 {[%clk 01:32:19]} {[%emt 00:00:03]} exd5 {[%clk 01:32:09]} {[%emt
00:00:05]} 5. g3 {[%clk 01:32:44]} {[%emt 00:00:04]} Nc6 {[%clk 01:32:35]}
{[%emt 00:00:04]} 6. Bg2 {[%clk 01:33:12]} {[%emt 00:00:03]} Nf6 {[%clk
01:32:59]} {[%emt 00:00:06]} 7. O-O {[%clk 01:33:37]} {[%emt 00:00:04]} Be7
{[%clk 01:33:25]} {[%emt 00:00:04]} 8. dxc5 {[%clk 01:34:06]} {[%emt 00:00:02]}
Bxc5 {[%clk 01:33:49]} {[%emt 00:00:06]} 9. Qc2 {[%clk 01:34:32]} {[%emt
00:00:04]} Be7 {[%clk 01:33:10]} {[%emt 00:01:09]} 10. Nc3 {[%clk 01:34:35]}
{[%emt 00:00:26]} O-O {[%clk 01:33:33]} {[%emt 00:00:07]} 11. Rd1 {[%clk
01:34:48]} {[%emt 00:00:18]} Bg4 {[%clk 01:31:07]} {[%emt 00:02:56]} 12. Bg5
{[%clk 01:29:35]} {[%emt 00:05:42]} d4 {[%clk 01:29:47]} {[%emt 00:01:50]} 13.
Nb5 {[%clk 01:26:43]} {[%emt 00:03:22]} Rc8 {[%clk 01:28:40]} {[%emt 00:01:38]}
14. Qa4 {[%clk 01:14:49]} {[%emt 00:12:24]} Qb6 {[%clk 01:27:24]} {[%emt
00:01:46]} 15. Nfxd4 {[%clk 01:09:12]} {[%emt 00:06:07]} Nxd4 {[%clk 01:26:14]}
{[%emt 00:01:40]} 16. Nxd4 {[%clk 01:08:59]} {[%emt 00:00:42]} Bc5 {[%clk
01:21:19]} {[%emt 00:05:26]} 17. Be3 {[%clk 01:06:56]} {[%emt 00:02:32]} Bxe2
{[%clk 01:13:31]} {[%emt 00:08:18]} 18. Nxe2 {[%clk 01:00:13]} {[%emt
00:07:13]} Bxe3 {[%clk 01:13:54]} {[%emt 00:00:07]} 19. fxe3 {[%clk 00:59:57]}
{[%emt 00:00:46]} Qxe3+ {[%clk 01:14:17]} {[%emt 00:00:08]} 20. Kf1 {[%clk
01:00:25]} {[%emt 00:00:01]} Rfe8 {[%clk 01:05:56]} {[%emt 00:08:51]} 21. Nc3
{[%clk 00:57:31]} {[%emt 00:03:23]} h5 {[%clk 00:42:57]} {[%emt 00:23:30]} 22.
Bh3 {[%emt 00:30:52]} Ne4 {[%clk 00:32:07]} 23. Nxe4 {[%clk 00:36:43]} {[%emt
00:02:15]} Rxe4 {[%clk 00:32:19]} {[%emt 00:00:20]} 24. Qb3 {[%clk 00:19:14]}
{[%emt 00:17:59]} Qe2+ {[%clk 00:29:51]} {[%emt 00:02:57]} 25. Kg1 {[%clk
00:19:43]} {[%emt 00:00:02]} Rce8 {[%clk 00:27:35]} {[%emt 00:02:45]} 26. Rf1
{[%clk 00:19:17]} {[%emt 00:00:55]} h4 {[%clk 00:15:28]} {[%emt 00:12:38]} 27.
Qxf7+ {[%clk 00:18:28]} {[%emt 00:01:19]} Kh8 {[%clk 00:15:51]} {[%emt
00:00:07]} 28. Rf2 {[%clk 00:13:55]} {[%emt 00:05:03]} Qe3 {[%clk 00:14:51]}
{[%emt 00:01:30]} 29. Qh5+ {[%clk 00:13:35]} {[%emt 00:00:49]} Kg8 {[%clk
00:15:09]} {[%emt 00:00:13]} 30. Bf5 {[%clk 00:13:10]} {[%emt 00:00:55]} 1-0

[Event "DEM U14 2025"]
[Site "Willingen GER"]
[Date "2025.06.08"]
[Round "2"]
[White "Polzin, Gustav"]
[Black "Sydykov, Bayastan"]
[Result "1/2-1/2"]
[Termination "normal"]
[Board "2"]
[BlackTitle "FM"]
[WhiteElo "2075"]
[BlackElo "2301"]
[WhiteClock "00:06:53"]
[BlackClock "00:00:35"]
[PlyCount "79"]
[WhiteFideId "34603280"]
[BlackFideId "13829610"]
[EventCountry "GER"]
[EventRounds "9"]
[EventType "swiss"]
[EventDate "2025.06.07"]

1. e4 {[%clk 01:30:58]} {[%emt 00:00:02]} e6 {[%clk 01:30:49]} {[%emt
00:00:12]} 2. d4 {[%clk 01:31:23]} {[%emt 00:00:05]} d5 {[%clk 01:31:16]}
{[%emt 00:00:03]} 3. Nd2 {[%clk 01:31:50]} {[%emt 00:00:03]} c5 {[%clk
01:31:33]} {[%emt 00:00:13]} 4. exd5 {[%clk 01:32:13]} {[%emt 00:00:07]} Qxd5
{[%clk 01:31:44]} {[%emt 00:00:19]} 5. Ngf3 {[%clk 01:32:39]} {[%emt 00:00:04]}
cxd4 {[%clk 01:32:08]} {[%emt 00:00:06]} 6. Bc4 {[%clk 01:33:05]} {[%emt
00:00:03]} Qd7 {[%clk 01:32:29]} {[%emt 00:00:10]} 7. O-O {[%clk 01:33:27]}
{[%emt 00:00:08]} Nc6 {[%clk 01:32:54]} {[%emt 00:00:05]} 8. Nb3 {[%clk
01:33:25]} {[%emt 00:00:32]} Nf6 {[%clk 01:32:58]} {[%emt 00:00:26]} 9. Qe2
{[%clk 01:33:34]} {[%emt 00:00:20]} a6 {[%clk 01:26:29]} {[%emt 00:07:00]} 10.
a4 {[%clk 01:34:00]} {[%emt 00:00:04]} Qc7 {[%clk 01:20:25]} {[%emt 00:06:33]}
11. Rd1 {[%clk 01:34:21]} {[%emt 00:00:09]} Bd7 {[%clk 00:58:32]} {[%emt
00:22:24]} 12. Nbxd4 {[%clk 01:29:28]} {[%emt 00:05:23]} Be7 {[%clk 00:40:18]}
{[%emt 00:18:44]} 13. Nxc6 {[%clk 01:24:14]} {[%emt 00:05:44]} Bxc6 {[%clk
00:40:37]} {[%emt 00:00:11]} 14. Ne5 {[%clk 01:20:46]} {[%emt 00:03:57]} O-O
{[%clk 00:25:28]} {[%emt 00:15:39]} 15. Bf4 {[%clk 01:13:59]} {[%emt 00:07:17]}
Bd6 {[%clk 00:18:22]} {[%emt 00:07:37]} 16. Rxd6 {[%clk 01:06:09]} {[%emt
00:08:20]} Qxd6 {[%clk 00:18:42]} {[%emt 00:00:10]} 17. Ng6 {[%clk 01:05:20]}
{[%emt 00:01:19]} Qd4 {[%clk 00:14:17]} {[%emt 00:04:54]} 18. c3 {[%clk
01:02:27]} {[%emt 00:03:24]} Qe4 {[%clk 00:13:09]} {[%emt 00:01:38]} 19. Qxe4
{[%clk 01:02:46]} {[%emt 00:00:11]} Nxe4 {[%clk 00:12:36]} {[%emt 00:01:03]}
20. Nxf8 {[%clk 01:03:02]} {[%emt 00:00:13]} Kxf8 {[%clk 00:12:44]} {[%emt
00:00:22]} 21. f3 {[%clk 00:55:13]} {[%emt 00:08:19]} Nf6 {[%clk 00:13:06]}
{[%emt 00:00:08]} 22. Bb3 {[%clk 00:54:03]} {[%emt 00:01:41]} Rd8 {[%clk
00:08:17]} {[%emt 00:05:19]} 23. Rd1 {[%clk 00:53:34]} {[%emt 00:00:58]} Rxd1+
{[%clk 00:07:58]} {[%emt 00:00:49]} 24. Bxd1 {[%clk 00:54:03]} {[%emt
00:00:02]} Ke7 {[%clk 00:07:09]} {[%emt 00:01:19]} 25. Be5 {[%clk 00:51:55]}
{[%emt 00:02:37]} g6 {[%clk 00:06:31]} {[%emt 00:01:08]} 26. c4 {[%clk
00:48:45]} {[%emt 00:03:41]} Nd7 {[%clk 00:05:48]} {[%emt 00:01:13]} 27. Bc3
{[%clk 00:48:37]} {[%emt 00:00:38]} e5 {[%clk 00:04:16]} {[%emt 00:02:02]} 28.
Kf2 {[%clk 00:48:04]} {[%emt 00:01:02]} b6 {[%clk 00:03:55]} {[%emt 00:00:51]}
29. b4 {[%clk 00:47:04]} {[%emt 00:01:30]} Bb7 {[%clk 00:04:01]} {[%emt
00:00:25]} 30. g3 {[%clk 00:45:13]} {[%emt 00:02:20]} Kd6 {[%clk 00:02:08]}
{[%emt 00:02:24]} 31. Ke3 {[%clk 00:44:13]} {[%emt 00:01:29]} f5 {[%clk
00:01:05]} {[%emt 00:01:34]} 32. f4 {[%clk 00:40:47]} {[%emt 00:03:56]} e4
{[%clk 00:01:02]} {[%emt 00:00:33]} 33. Bb3 {[%clk 00:40:33]} {[%emt 00:00:43]}
Bc6 {[%clk 00:00:42]} {[%emt 00:00:51]} 34. Bd4 {[%clk 00:38:44]} {[%emt
00:02:19]} Bb7 {[%clk 00:00:34]} {[%emt 00:00:38]} 35. Bxb6 {[%clk 00:37:33]}
{[%emt 00:01:41]} Nxb6 {[%clk 00:00:40]} {[%emt 00:00:24]} 36. c5+ {[%clk
00:37:57]} {[%emt 00:00:06]} Kc6 {[%clk 00:00:41]} {[%emt 00:00:29]} 37. cxb6
{[%clk 00:38:16]} {[%emt 00:00:11]} Kxb6 {[%clk 00:00:40]} {[%emt 00:00:30]}
38. Kd4 {[%clk 00:34:44]} {[%emt 00:04:02]} Bc6 {[%clk 00:00:38]} {[%emt
00:00:32]} 39. h4 {[%clk 00:34:13]} {[%emt 00:01:02]} Be8 {[%clk 00:00:35]}
{[%emt 00:00:33]} 40. a5+ {[%clk 00:06:53]} {[%emt 00:27:49]} 1/2-1/2

[Event "DEM U14 2025"]
[Site "Willingen GER"]
[Date "2025.06.08"]
[Round "2"]
[White "Mohylnyi, Stepan"]
[Black "Hempel, Lorenz"]
[Result "1-0"]
[Termination "normal"]
[Board "3"]
[WhiteTitle "FM"]
[WhiteElo "2314"]
[BlackElo "2007"]
[WhiteClock "00:25:04"]
[BlackClock "00:38:31"]
[PlyCount "87"]
[WhiteFideId "34127836"]
[BlackFideId "34627413"]
[EventCountry "GER"]
[EventRounds "9"]
[EventType "swiss"]
[EventDate "2025.06.07"]

1. e4 {[%clk 01:30:59]} {[%emt 00:00:02]} c5 {[%clk 01:30:54]} {[%emt
00:00:06]} 2. Nf3 {[%clk 01:31:26]} {[%emt 00:00:04]} Nc6 {[%clk 01:30:46]}
{[%emt 00:00:37]} 3. d4 {[%clk 01:31:52]} {[%emt 00:00:04]} cxd4 {[%clk
01:31:11]} {[%emt 00:00:06]} 4. Nxd4 {[%clk 01:32:19]} {[%emt 00:00:03]} g6
{[%clk 01:31:31]} {[%emt 00:00:10]} 5. c4 {[%clk 01:32:45]} {[%emt 00:00:04]}
Nf6 {[%clk 01:31:42]} {[%emt 00:00:18]} 6. Nc3 {[%clk 01:33:11]} {[%emt
00:00:04]} d6 {[%clk 01:32:08]} {[%emt 00:00:04]} 7. Be2 {[%clk 01:33:11]}
{[%emt 00:00:30]} Nxd4 {[%clk 01:32:33]} {[%emt 00:00:06]} 8. Qxd4 {[%clk
01:33:35]} {[%emt 00:00:06]} Bg7 {[%clk 01:32:58]} {[%emt 00:00:04]} 9. Be3
{[%clk 01:31:06]} {[%emt 00:02:59]} O-O {[%clk 01:33:21]} {[%emt 00:00:07]} 10.
Qd2 {[%clk 01:30:59]} {[%emt 00:00:38]} Be6 {[%clk 01:33:02]} {[%emt 00:00:49]}
11. O-O {[%clk 01:30:08]} {[%emt 00:01:20]} Qa5 {[%clk 01:24:34]} {[%emt
00:08:58]} 12. f3 {[%clk 01:25:36]} {[%emt 00:05:02]} Rfc8 {[%clk 01:23:34]}
{[%emt 00:01:31]} 13. b3 {[%clk 01:22:46]} {[%emt 00:03:20]} a6 {[%clk
01:21:32]} {[%emt 00:02:32]} 14. Rac1 {[%clk 01:14:46]} {[%emt 00:08:29]} b5
{[%clk 01:21:03]} {[%emt 00:00:58]} 15. Nd5 {[%clk 01:10:08]} {[%emt 00:05:09]}
Qxd2 {[%clk 01:21:08]} {[%emt 00:00:25]} 16. Bxd2 {[%clk 01:10:32]} {[%emt
00:00:06]} Bxd5 {[%clk 01:20:41]} {[%emt 00:00:57]} 17. cxd5 {[%clk 01:06:07]}
{[%emt 00:04:56]} Nd7 {[%clk 01:18:21]} {[%emt 00:02:49]} 18. Be3 {[%clk
01:03:31]} {[%emt 00:03:06]} Bb2 {[%clk 01:13:47]} {[%emt 00:05:05]} 19. Rb1
{[%clk 01:03:43]} {[%emt 00:00:17]} Bg7 {[%clk 01:06:33]} {[%emt 00:07:43]} 20.
Rfc1 {[%clk 00:58:55]} {[%emt 00:05:18]} e6 {[%clk 00:50:53]} {[%emt 00:16:11]}
21. Rc6 {[%clk 00:54:10]} {[%emt 00:05:14]} Rxc6 {[%clk 00:44:15]} {[%emt
00:07:09]} 22. dxc6 {[%clk 00:53:12]} {[%emt 00:01:29]} Nc5 {[%clk 00:44:44]}
{[%emt 00:00:02]} 23. Rd1 {[%clk 00:52:24]} {[%emt 00:01:17]} Rc8 {[%clk
00:44:21]} {[%emt 00:00:53]} 24. Rxd6 {[%clk 00:49:27]} {[%emt 00:03:27]} Bf8
{[%clk 00:44:50]} {[%emt 00:00:01]} 25. Bxc5 {[%clk 00:36:41]} {[%emt
00:13:17]} Bxd6 {[%clk 00:45:13]} {[%emt 00:00:06]} 26. Bxd6 {[%clk 00:37:08]}
{[%emt 00:00:02]} Rxc6 {[%clk 00:45:36]} {[%emt 00:00:08]} 27. e5 {[%clk
00:37:32]} {[%emt 00:00:06]} Rc2 {[%clk 00:45:27]} {[%emt 00:00:38]} 28. Kf1
{[%clk 00:36:41]} {[%emt 00:01:22]} Rxa2 {[%clk 00:45:23]} {[%emt 00:00:34]}
29. f4 {[%clk 00:37:06]} {[%emt 00:00:05]} Rb2 {[%clk 00:43:55]} {[%emt
00:01:58]} 30. b4 {[%clk 00:37:21]} {[%emt 00:00:15]} a5 {[%clk 00:42:35]}
{[%emt 00:01:50]} 31. bxa5 {[%clk 00:36:23]} {[%emt 00:01:29]} b4 {[%clk
00:42:58]} {[%emt 00:00:06]} 32. a6 {[%clk 00:33:07]} {[%emt 00:03:45]} b3
{[%clk 00:42:45]} {[%emt 00:00:44]} 33. a7 {[%clk 00:32:51]} {[%emt 00:00:47]}
Ra2 {[%clk 00:43:06]} {[%emt 00:00:08]} 34. Bc5 {[%clk 00:32:44]} {[%emt
00:00:38]} h5 {[%clk 00:39:02]} {[%emt 00:04:33]} 35. Bc4 {[%clk 00:24:05]}
{[%emt 00:09:08]} Ra1+ {[%clk 00:39:10]} {[%emt 00:00:23]} 36. Ke2 {[%clk
00:24:30]} {[%emt 00:00:04]} b2 {[%clk 00:39:18]} {[%emt 00:00:23]} 37. Bd3
{[%clk 00:24:55]} {[%emt 00:00:05]} Kh7 {[%clk 00:39:22]} {[%emt 00:00:25]} 38.
Kd2 {[%emt 00:00:55]} Ra5 {[%clk 00:39:08]} 39. Be4 {[%clk 00:24:39]} {[%emt
00:01:07]} h4 {[%clk 00:37:46]} {[%emt 00:01:51]} 40. Kc2 {[%clk 00:24:35]}
{[%emt 00:00:34]} Rxc5+ {[%clk 00:37:18]} {[%emt 00:00:57]} 41. Kxb2 {[%clk
00:25:01]} {[%emt 00:00:04]} Ra5 {[%clk 00:37:39]} {[%emt 00:00:10]} 42. a8=Q
{[%clk 00:24:31]} {[%emt 00:01:00]} Rxa8 {[%clk 00:38:08]} {[%emt 00:00:02]}
43. Bxa8 {[%clk 00:24:55]} {[%emt 00:00:06]} h3 {[%clk 00:38:31]} {[%emt
00:00:07]} 44. g3 {[%clk 00:25:04]} {[%emt 00:00:20]} 1-0

[Event "DEM U14 2025"]
[Site "Willingen GER"]
[Date "2025.06.08"]
[Round "2"]
[White "Kovalskyy, Alicia"]
[Black "Albrecht, Neil"]
[Result "0-1"]
[Termination "normal"]
[Board "4"]
[WhiteElo "1924"]
[BlackElo "2131"]
[WhiteClock "00:01:30"]
[BlackClock "00:01:45"]
[PlyCount "78"]
[WhiteFideId "34612130"]
[BlackFideId "34621091"]
[EventCountry "GER"]
[EventRounds "9"]
[EventType "swiss"]
[EventDate "2025.06.07"]

1. e4 {[%clk 01:30:58]} {[%emt 00:00:02]} c5 {[%clk 01:30:37]} {[%emt
00:00:24]} 2. Nf3 {[%clk 01:31:22]} {[%emt 00:00:05]} d6 {[%clk 01:31:03]}
{[%emt 00:00:05]} 3. d4 {[%clk 01:31:47]} {[%emt 00:00:05]} cxd4 {[%clk
01:31:18]} {[%emt 00:00:14]} 4. Nxd4 {[%clk 01:32:11]} {[%emt 00:00:06]} Nf6
{[%clk 01:31:43]} {[%emt 00:00:05]} 5. Nc3 {[%clk 01:32:35]} {[%emt 00:00:06]}
a6 {[%clk 01:31:51]} {[%emt 00:00:23]} 6. Be3 {[%clk 01:32:27]} {[%emt
00:00:38]} e5 {[%clk 01:32:06]} {[%emt 00:00:15]} 7. Nb3 {[%clk 01:32:52]}
{[%emt 00:00:05]} Be7 {[%clk 01:31:44]} {[%emt 00:00:52]} 8. f3 {[%clk
01:32:46]} {[%emt 00:00:37]} Be6 {[%clk 01:31:16]} {[%emt 00:00:57]} 9. Qd2
{[%clk 01:32:50]} {[%emt 00:00:26]} h5 {[%clk 01:29:52]} {[%emt 00:01:53]} 10.
O-O-O {[%clk 01:32:21]} {[%emt 00:01:00]} Nbd7 {[%emt 00:10:49]} 11. g3 {[%clk
01:24:20]} Rc8 {[%clk 01:23:02]} {[%emt 00:05:31]} 12. h3 {[%clk 01:21:51]}
{[%emt 00:03:00]} b5 {[%clk 01:19:03]} {[%emt 00:04:30]} 13. Kb1 {[%clk
01:09:06]} {[%emt 00:13:15]} Nb6 {[%clk 01:11:30]} {[%emt 00:08:01]} 14. Bxb6
{[%clk 01:02:59]} {[%emt 00:06:38]} Qxb6 {[%clk 01:11:28]} {[%emt 00:00:32]}
15. Nd5 {[%clk 01:03:13]} {[%emt 00:00:16]} Nxd5 {[%clk 01:05:50]} {[%emt
00:06:08]} 16. exd5 {[%clk 01:03:11]} {[%emt 00:00:32]} Bf5 {[%clk 01:05:41]}
{[%emt 00:00:38]} 17. Bd3 {[%clk 01:03:04]} {[%emt 00:00:38]} Bxd3 {[%clk
01:05:45]} {[%emt 00:00:26]} 18. Qxd3 {[%clk 01:03:11]} {[%emt 00:00:22]} a5
{[%clk 01:02:32]} {[%emt 00:03:44]} 19. g4 {[%clk 01:00:41]} {[%emt 00:02:59]}
h4 {[%clk 00:48:09]} {[%emt 00:14:53]} 20. Nd2 {[%clk 00:54:15]} {[%emt
00:06:56]} O-O {[%clk 00:46:59]} {[%emt 00:01:40]} 21. Rhg1 {[%clk 00:47:42]}
{[%emt 00:07:03]} Bg5 {[%clk 00:38:09]} {[%emt 00:09:20]} 22. Ne4 {[%clk
00:43:39]} {[%emt 00:04:33]} f6 {[%clk 00:37:42]} {[%emt 00:00:57]} 23. Rg2
{[%clk 00:22:46]} {[%emt 00:21:24]} Rc4 {[%clk 00:34:45]} {[%emt 00:03:27]} 24.
c3 {[%clk 00:18:05]} {[%emt 00:05:11]} Rfc8 {[%clk 00:27:04]} {[%emt 00:08:10]}
25. Rc2 {[%clk 00:12:00]} {[%emt 00:06:35]} b4 {[%clk 00:22:32]} {[%emt
00:05:03]} 26. b3 {[%clk 00:11:14]} {[%emt 00:01:15]} bxc3 {[%clk 00:21:56]}
{[%emt 00:01:06]} 27. Rxc3 {[%clk 00:08:11]} {[%emt 00:03:34]} Rxc3 {[%clk
00:21:45]} {[%emt 00:00:41]} 28. Nxc3 {[%clk 00:08:37]} {[%emt 00:00:03]} Be3
{[%clk 00:15:34]} {[%emt 00:06:41]} 29. Ne4 {[%clk 00:07:53]} {[%emt 00:01:15]}
Bf4 {[%clk 00:13:39]} {[%emt 00:02:24]} 30. Kb2 {[%clk 00:04:51]} {[%emt
00:03:32]} a4 {[%clk 00:12:58]} {[%emt 00:01:12]} 31. Re1 {[%clk 00:03:32]}
{[%emt 00:01:49]} axb3 {[%clk 00:08:44]} {[%emt 00:04:44]} 32. axb3 {[%clk
00:03:48]} {[%emt 00:00:14]} Ra8 {[%clk 00:07:53]} {[%emt 00:01:21]} 33. Nxf6+
{[%clk 00:02:01]} {[%emt 00:02:16]} Kf7 {[%clk 00:03:50]} {[%emt 00:04:33]} 34.
Nh5 {[%clk 00:01:14]} {[%emt 00:01:18]} Qf2+ {[%clk 00:01:32]} {[%emt
00:02:48]} 35. Re2 {[%clk 00:01:32]} {[%emt 00:00:12]} Qa7 {[%clk 00:01:19]}
{[%emt 00:00:43]} 36. Qf5+ {[%clk 00:00:41]} {[%emt 00:01:21]} Kg8 {[%clk
00:01:41]} {[%emt 00:00:07]} 37. Nxf4 {[%clk 00:00:46]} {[%emt 00:00:26]} Qa1+
{[%clk 00:01:19]} {[%emt 00:00:52]} 38. Kc2 {[%clk 00:01:12]} {[%emt 00:00:04]}
Ra2+ {[%clk 00:01:45]} {[%emt 00:00:03]} 39. Kd3 {[%clk 00:01:30]} {[%emt
00:00:11]} Qd4# {[%emt 00:00:11]} 0-1

[Event "DEM U14 2025"]
[Site "Willingen GER"]
[Date "2025.06.08"]
[Round "2"]
[White "Herrmann, Arthur"]
[Black "Stehning, Toni"]
[Result "1-0"]
[Termination "normal"]
[Board "5"]
[WhiteElo "2089"]
[BlackElo "1873"]
[WhiteClock "00:02:22"]
[BlackClock "00:33:11"]
[PlyCount "79"]
[WhiteFideId "16287150"]
[BlackFideId "34623477"]
[EventCountry "GER"]
[EventRounds "9"]
[EventType "swiss"]
[EventDate "2025.06.07"]

1. e4 {[%clk 01:30:56]} {[%emt 00:00:03]} e5 {[%clk 01:30:39]} {[%emt
00:00:21]} 2. Nf3 {[%clk 01:31:21]} {[%emt 00:00:05]} Nc6 {[%clk 01:31:04]}
{[%emt 00:00:06]} 3. Bb5 {[%clk 01:31:47]} {[%emt 00:00:04]} a6 {[%clk
01:31:29]} {[%emt 00:00:05]} 4. Ba4 {[%clk 01:32:10]} {[%emt 00:00:07]} Nf6
{[%clk 01:31:54]} {[%emt 00:00:05]} 5. d3 {[%clk 01:32:31]} {[%emt 00:00:09]}
b5 {[%clk 01:32:09]} {[%emt 00:00:14]} 6. Bb3 {[%clk 01:32:25]} {[%emt
00:00:37]} Be7 {[%clk 01:32:22]} {[%emt 00:00:17]} 7. a4 {[%clk 01:26:36]}
{[%emt 00:06:19]} Bb7 {[%clk 01:32:16]} {[%emt 00:00:36]} 8. O-O {[%clk
01:12:14]} {[%emt 00:14:52]} d6 {[%clk 01:31:46]} {[%emt 00:01:00]} 9. c3
{[%clk 01:08:45]} {[%emt 00:03:58]} O-O {[%clk 01:31:13]} {[%emt 00:01:03]} 10.
Nbd2 {[%clk 01:08:10]} {[%emt 00:01:06]} Na5 {[%clk 01:30:37]} {[%emt
00:01:06]} 11. Bc2 {[%emt 00:01:40]} c5 {[%clk 01:30:46]} 12. Re1 {[%clk
01:05:40]} {[%emt 00:02:12]} Nc6 {[%clk 01:29:53]} {[%emt 00:01:22]} 13. Nf1
{[%clk 00:57:16]} {[%emt 00:08:54]} Qc7 {[%clk 01:28:53]} {[%emt 00:01:30]} 14.
Ng3 {[%clk 00:56:39]} {[%emt 00:01:07]} Rad8 {[%clk 01:28:12]} {[%emt
00:01:11]} 15. Qe2 {[%clk 00:42:31]} {[%emt 00:14:38]} Rfe8 {[%clk 01:25:01]}
{[%emt 00:03:40]} 16. Nf5 {[%clk 00:29:04]} {[%emt 00:13:57]} h6 {[%clk
01:14:39]} {[%emt 00:10:53]} 17. axb5 {[%clk 00:19:45]} {[%emt 00:09:49]} axb5
{[%clk 01:14:38]} {[%emt 00:00:30]} 18. d4 {[%clk 00:19:16]} {[%emt 00:01:00]}
cxd4 {[%clk 01:12:06]} {[%emt 00:03:02]} 19. cxd4 {[%clk 00:18:41]} {[%emt
00:01:06]} d5 {[%clk 00:47:50]} {[%emt 00:24:45]} 20. exd5 {[%clk 00:08:13]}
{[%emt 00:10:58]} Nxd5 {[%clk 00:45:11]} {[%emt 00:03:09]} 21. dxe5 {[%clk
00:05:52]} {[%emt 00:02:51]} Bb4 {[%clk 00:44:50]} {[%emt 00:00:50]} 22. Bd2
{[%clk 00:04:54]} {[%emt 00:01:28]} Bxd2 {[%clk 00:44:50]} {[%emt 00:00:31]}
23. Qxd2 {[%clk 00:02:13]} {[%emt 00:03:12]} Nxe5 {[%clk 00:44:16]} {[%emt
00:01:03]} 24. Nxe5 {[%clk 00:01:12]} {[%emt 00:01:31]} Rxe5 {[%clk 00:44:35]}
{[%emt 00:00:10]} 25. Rxe5 {[%clk 00:01:15]} {[%emt 00:00:27]} Qxe5 {[%clk
00:44:58]} {[%emt 00:00:07]} 26. Re1 {[%clk 00:01:03]} {[%emt 00:00:43]} Qc7
{[%clk 00:44:13]} {[%emt 00:01:15]} 27. Qd4 {[%clk 00:00:49]} {[%emt 00:00:44]}
f6 {[%clk 00:38:56]} {[%emt 00:05:46]} 28. Bb3 {[%clk 00:01:14]} {[%emt
00:00:06]} Kh8 {[%clk 00:39:08]} {[%emt 00:00:18]} 29. Rd1 {[%clk 00:01:07]}
{[%emt 00:00:36]} Rd7 {[%clk 00:36:29]} {[%emt 00:03:09]} 30. Qe4 {[%clk
00:00:51]} {[%emt 00:00:47]} Qc8 {[%clk 00:35:38]} {[%emt 00:01:20]} 31. Qe6
{[%clk 00:00:37]} {[%emt 00:00:44]} Bc6 {[%clk 00:32:59]} {[%emt 00:03:09]} 32.
h3 {[%clk 00:00:38]} {[%emt 00:00:29]} Nf4 {[%clk 00:32:53]} {[%emt 00:00:37]}
33. Qe1 {[%clk 00:00:34]} {[%emt 00:00:34]} Rxd1 {[%clk 00:32:45]} {[%emt
00:00:38]} 34. Qxd1 {[%clk 00:00:45]} {[%emt 00:00:19]} Qxf5 {[%clk 00:32:26]}
{[%emt 00:00:48]} 35. Qd8+ {[%clk 00:01:11]} {[%emt 00:00:04]} Kh7 {[%clk
00:32:44]} {[%emt 00:00:11]} 36. Qg8+ {[%clk 00:01:21]} {[%emt 00:00:20]} Kg6
{[%clk 00:32:44]} {[%emt 00:00:30]} 37. Bf7+ {[%clk 00:01:39]} {[%emt
00:00:12]} Kg5 {[%clk 00:32:50]} {[%emt 00:00:24]} 38. Qxg7+ {[%clk 00:02:04]}
{[%emt 00:00:06]} Ng6 {[%clk 00:33:02]} {[%emt 00:00:18]} 39. Bxg6 {[%clk
00:02:00]} {[%emt 00:00:34]} Qxg6 {[%clk 00:33:11]} {[%emt 00:00:21]} 40. f4+
{[%clk 00:02:22]} {[%emt 00:00:08]} 1-0